Vista normal Vista MARC

Entrada Personal Name

Número de registros utilizados en: 1

001 - CONTROL NUMBER

  • control field: 43877

003 - CONTROL NUMBER IDENTIFIER

  • control field: OSt

005 - DATE AND TIME OF LATEST TRANSACTION

  • control field: 20241009120035.0

008 - FIXED-LENGTH DATA ELEMENTS

  • fixed length control field: 241009|| aca||aabn | a|a d

040 ## - CATALOGING SOURCE

  • Original cataloging agency: OSt
  • Transcribing agency: OSt

100 ## - HEADING--PERSONAL NAME

  • Personal name: Ramos Kuethe, Lourdes

670 ## - SOURCE DATA FOUND

  • Source citation: Work cat.: (OSt)30850: Kuethe, Allan J., 94925 autor, El mundo atlántico español durante el siglo XVIII :, 2018.